000 00810nam a22002297a 4500
005 20240430180352.0
008 130821s1948 xxua gr eng
040 _aCo-BoUCM
_bspa
_cNatalia Piñeros (Modificó)
_dNatalia Piñeros (Modificó)
041 0 0 _aeng
100 _aDixon, Franklin W.
_9150499
245 0 4 _aThe secret of skull mountain
_cFranklin W. Dixon
260 _aNueva York (Estados Unidos)
_bGrosset & Dunlap
_c1948
300 _a212 Páginas
490 _aHardy Boys Mystery Stories
650 0 4 _aCuentos de fantasmas
_912266
650 0 4 _aCuentos de terror
_912268
650 0 4 _aHistorias de aventuras
_916966
650 0 4 _aNovela americana
_9180570
650 0 4 _aNovela policiaca
_920557
942 _cLIBRO
_a18
_e1
_mD621t
_n0
_2DEWEY
_h813.54
999 _c87433
_d87433